| 000 | 00743cab a2200217 4500 | ||
|---|---|---|---|
| 001 | WB2244-14 | ||
| 008 | 090401t1986 xxu||||| |||| 00| 0 eng d | ||
| 035 | _a(Sirsi) u20833 | ||
| 041 | _aeng | ||
| 245 | _aHousing review | ||
| 260 | _c1986 | ||
| 350 | _a0 | ||
| 490 |
_aTimes _v7/11/86 p8 Financial Times 7/11/86 p7 |
||
| 520 | _aThe SOS DoE is undertaking an important review of housing policy which is likely to result in a substantial increase in rents for the private rented sector and council housing and a reassessment of mortgage interest tax relief. | ||
| 650 | _aGOVERNMENT POLICY | ||
| 650 | _aPRIVATE RENTED SECTOR | ||
| 650 | _aRENTED HOUSING | ||
| 690 |
_aBlock management _96220 |
||
| 942 | _n0 | ||
| 948 | _c04/03/1997 | ||
| 999 |
_c13962 _d13962 |
||